| 000 | 01198nac a22002291u 4500 | ||
|---|---|---|---|
| 008 | 100905t xxu||||| |||| 00| 0 eng d | ||
| 010 | _a 2001052373 | ||
| 020 | _a0195150465 (pbk. : alk. paper) | ||
| 082 | 0 | 0 |
_a624.15136 _bDAS |
| 100 |
_aDas, Braja M., _917935 |
||
| 245 | 1 | 0 |
_aSoil Mechanics Laboratory Manual / _cBraja M. Das. |
| 250 | _a6th ed. | ||
| 260 |
_aNew York : _bOxford University Press, _c2002. |
||
| 300 |
_a277 p. : _bill. ; _c28 cm. + _e1 computer disk (3 1/2 in.) |
||
| 504 | _aIncludes bibliographical references (p. 145). | ||
| 650 | 0 |
_aSoil mechanics _vLaboratory manuals. _917936 |
|
| 856 | 4 | 1 |
_3Table of contents only _uhttp://www.loc.gov/catdir/enhancements/fy0611/2001052373-t.html |
| 856 | 4 | 1 |
_3Publisher description _uhttp://www.loc.gov/catdir/enhancements/fy0611/2001052373-d.html |
| 942 |
_cBB _k624.15136 DAS _2ddc |
||
| 999 |
_c2107 _d2107 |
||